000 00770nam a2200217Ii 4500
003 JO-AjNU
008 230605s9999||||xx |||||||||||||| ||und||
040 _aJO-AjNU
_bara
_erda
_cJO-AjNU
041 _aara
050 1 4 _aQ335.A7236 1987
100 3 _aيوسف، سمير ياسين / م. مشارك داود سليم داود ,
_eauthor
_919292
245 0 0 _aالرياضيات والبحث عن المعرفة
250 _aط1
264 3 1 _aبغداد:دار الشؤون الثقافية العامة، 1987
300 _a248ص
336 _atext
_btxt
_2rdacontent
337 _aunmediated
_bn
_2rdamedia
338 _avolume
_bnc
_2rdacarrier
490 0 _aسلسلة المائة كتاب
650 4 _aالرياضيات -نظرية المعرفة
_919293
999 _aA6337
_c9905
_d9905